<?xml version="1.0" encoding="UTF-8"?>
<record
    xmlns:xsi="http://www.w3.org/2001/XMLSchema-instance"
    xsi:schemaLocation="http://www.loc.gov/MARC21/slim http://www.loc.gov/standards/marcxml/schema/MARC21slim.xsd"
    xmlns="http://www.loc.gov/MARC21/slim">

  <leader>02524nam a2200361 i 4500</leader>
  <controlfield tag="003">CO-MdUADB</controlfield>
  <controlfield tag="005">20231127144045.0</controlfield>
  <controlfield tag="007">ta</controlfield>
  <controlfield tag="008">230630s2021    ck ||||fr|||| 000 0 spa d</controlfield>
  <datafield tag="020" ind1=" " ind2=" ">
    <subfield code="a">9789586656795</subfield>
  </datafield>
  <datafield tag="040" ind1=" " ind2=" ">
    <subfield code="a">CO-MdUADB</subfield>
    <subfield code="b">spa</subfield>
    <subfield code="c">CO-MdUADB</subfield>
    <subfield code="e">rda</subfield>
  </datafield>
  <datafield tag="041" ind1="1" ind2=" ">
    <subfield code="a">spa</subfield>
    <subfield code="h">eng</subfield>
  </datafield>
  <datafield tag="082" ind1="7" ind2="4">
    <subfield code="a">179</subfield>
  </datafield>
  <datafield tag="100" ind1="1" ind2=" ">
    <subfield code="a">Singer, Peter,</subfield>
    <subfield code="e">aut</subfield>
    <subfield code="9">314713</subfield>
  </datafield>
  <datafield tag="245" ind1="1" ind2="0">
    <subfield code="a">Animales :</subfield>
    <subfield code="b">filosof&#xED;a, derecho y pol&#xED;tica</subfield>
  </datafield>
  <datafield tag="264" ind1=" " ind2="1">
    <subfield code="a">Bogot&#xE1; : </subfield>
    <subfield code="b">Siglo del Hombre Editores ;</subfield>
    <subfield code="b">Editorial Universidad de los Andes,</subfield>
    <subfield code="c">2021</subfield>
  </datafield>
  <datafield tag="300" ind1=" " ind2=" ">
    <subfield code="a">359 p&#xE1;ginas</subfield>
  </datafield>
  <datafield tag="336" ind1=" " ind2=" ">
    <subfield code="2">rdacontent</subfield>
    <subfield code="a">texto</subfield>
    <subfield code="b">txt</subfield>
  </datafield>
  <datafield tag="337" ind1=" " ind2=" ">
    <subfield code="2">rdamedia</subfield>
    <subfield code="a">no mediado</subfield>
    <subfield code="b">n</subfield>
  </datafield>
  <datafield tag="338" ind1=" " ind2=" ">
    <subfield code="2">rdacarrier</subfield>
    <subfield code="a">volumen</subfield>
    <subfield code="b">nc</subfield>
  </datafield>
  <datafield tag="490" ind1="1" ind2=" ">
    <subfield code="a">Biblioteca Derecho, Justicia y Pol&#xED;tica. Nuevo Pensamiento Jur&#xED;dico</subfield>
  </datafield>
  <datafield tag="505" ind1="0" ind2="0">
    <subfield code="t">Estudio preliminar. &#xC9;tica, derecho y pol&#xED;tica animales, una breve genealog&#xED;a. --</subfield>
    <subfield code="t">Utilitarismo y vegetarianismo. --</subfield>
    <subfield code="t">Contractualismo y derechos animales. --</subfield>
    <subfield code="t">La preminencia de la diferencia de especies para la teor&#xED;a feminista.</subfield>
  </datafield>
  <datafield tag="520" ind1="3" ind2=" ">
    <subfield code="a">Si bien el inter&#xE9;s por la consideraci&#xF3;n moral que corresponde a los animales es tan antiguo como la especulaci&#xF3;n filos&#xF3;fica en Occidente, a partir de los a&#xF1;os sesenta y setenta del siglo pasado el mismo ha crecido exponencialmente. Este libro presenta una muestra de la producci&#xF3;n te&#xF3;rica desarrollada en este campo desde la filosof&#xED;a moral liberal, la teor&#xED;a pol&#xED;tica, el derecho, los estudios cr&#xED;ticos y los feminismos, en un repaso de las &#xFA;ltimas cinco d&#xE9;cadas, a trav&#xE9;s de trabajos que se publican por primera vez en espa&#xF1;ol. Junto con dicho repaso cronol&#xF3;gico y desde distintos enfoques, los textos que se publican en este volumen, as&#xED; como su ensayo introductorio, ponen en cuesti&#xF3;n la definici&#xF3;n y la estabilidad de nociones centrales para la filosof&#xED;a y el derecho como son las de "persona", "sujeto" y "ser humano", as&#xED; como la base de los derechos fundamentales que corresponden a humanos y animales. [Tomado de la contratapa del libro].</subfield>
  </datafield>
  <datafield tag="650" ind1="1" ind2="7">
    <subfield code="2">lemb</subfield>
    <subfield code="9">32627</subfield>
    <subfield code="a">Derechos de los animales</subfield>
  </datafield>
  <datafield tag="650" ind1="1" ind2="7">
    <subfield code="2">embne</subfield>
    <subfield code="a">Bienestar de los animales</subfield>
    <subfield code="x">Aspectos morales y &#xE9;ticos</subfield>
    <subfield code="9">226076</subfield>
  </datafield>
  <datafield tag="650" ind1="1" ind2="7">
    <subfield code="2">embne</subfield>
    <subfield code="a">Bienestar de los animales</subfield>
    <subfield code="x">Legislaci&#xF3;n</subfield>
    <subfield code="9">184969</subfield>
  </datafield>
  <datafield tag="700" ind1="1" ind2=" ">
    <subfield code="a">Rowlands, Mark,</subfield>
    <subfield code="d">1962-</subfield>
    <subfield code="e">org</subfield>
    <subfield code="9">853676</subfield>
  </datafield>
  <datafield tag="700" ind1="1" ind2=" ">
    <subfield code="9">486908</subfield>
    <subfield code="a">Kymlicka, Will,</subfield>
    <subfield code="e">aut</subfield>
    <subfield code="d">1962-</subfield>
  </datafield>
  <datafield tag="700" ind1="1" ind2=" ">
    <subfield code="9">853684</subfield>
    <subfield code="a">Deckha, Maneesha</subfield>
    <subfield code="e">aut</subfield>
  </datafield>
  <datafield tag="700" ind1="1" ind2=" ">
    <subfield code="9">853775</subfield>
    <subfield code="a">Su&#xE1;rez, Pablo</subfield>
    <subfield code="e">win</subfield>
  </datafield>
  <datafield tag="830" ind1=" " ind2="0">
    <subfield code="9">853769</subfield>
    <subfield code="a">Biblioteca Derecho, Justicia y Pol&#xED;tica. Nuevo Pensamiento Jur&#xED;dico (Siglo del Hombre Editores)</subfield>
  </datafield>
  <datafield tag="942" ind1=" " ind2=" ">
    <subfield code="2">ddc</subfield>
    <subfield code="c">BOOK</subfield>
  </datafield>
  <datafield tag="999" ind1=" " ind2=" ">
    <subfield code="c">848646</subfield>
    <subfield code="d">848646</subfield>
  </datafield>
  <datafield tag="952" ind1=" " ind2=" ">
    <subfield code="0">0</subfield>
    <subfield code="1">0</subfield>
    <subfield code="2">ddc</subfield>
    <subfield code="4">0</subfield>
    <subfield code="7">0</subfield>
    <subfield code="8">GEN</subfield>
    <subfield code="a">BC</subfield>
    <subfield code="b">BC</subfield>
    <subfield code="d">2023-06-30</subfield>
    <subfield code="e">Libreria Universidad de Antioquia</subfield>
    <subfield code="f">COMP</subfield>
    <subfield code="g">53130.00</subfield>
    <subfield code="l">3</subfield>
    <subfield code="m">1</subfield>
    <subfield code="o">179.3 A598a</subfield>
    <subfield code="p">01093927</subfield>
    <subfield code="r">2024-07-31 00:00:00</subfield>
    <subfield code="s">2024-06-17</subfield>
    <subfield code="w">2023-06-30</subfield>
    <subfield code="y">BOOK</subfield>
  </datafield>
</record>
